00988nas a2200229Ia 4500001001100000003000900011008004100020040001300061040001300074041001300087100004600100210001000146222001000156245009300166250001100259260004100270501008600311300001700397362004100414500026400455650003900719R455/D7414IT-RoPAU151124c99999999xx |||||||||||| ||und|| aIT-RoPAU cIT-RoPAU aITALIANO aRocca GiancarlogCodice Aut. SPICS: 14701 aJESUS aJesus aJESUS, ANNO 11-N.10 SUPPL. (OTTOBRE 1989)bPapa Ratti E' Affascinato Dal Carisma Paolino a1a ed. aALBA (CN)bPERIODICI SAN PAOLOc1989 bPaulus - SPICS - Società San Paolo EM (non-commercial uses only)cCopyright2015 a2 p. [10-11] aANNO 011, N.10 SUPPL. (OTTOBRE 1989) aNel Momento della Prima Fioritura Delle Congregazioni Fondate da Don Giacomo Alberione, Mentre la Società San Paolo S'Impone per la Buona Stampa, Qualcuno Paventa per Questa Novità. Non Vi sono Precedenti di un Istituto con Tale Fine Specifico. ma Intervi aPASTORALEvPUBBLICAZIONE PERIODICA